Acquiring, adapting and developing technologies: lessons from the Japanese experience (Record no. 377388)

000 -LEADER
fixed length control field 00601cam a22001577a 4500
008 - FIXED-LENGTH DATA ELEMENTS--GENERAL INFORMATION
fixed length control field 180718b1995 xxu||||| |||| 00| 0 eng d
020 ## - INTERNATIONAL STANDARD BOOK NUMBER
International Standard Book Number 0333620879
082 ## - DEWEY DECIMAL CLASSIFICATION NUMBER
Classification number YA6x52 M661
245 ## - TITLE STATEMENT
Title Acquiring, adapting and developing technologies: lessons from the Japanese experience
Statement of responsibility, etc. edited by Ryoshin Minami... [et.al]
260 ## - PUBLICATION, DISTRIBUTION, ETC.
Place of publication, distribution, etc. New York
Name of publisher, distributor, etc. St. Martin's Press
Date of publication, distribution, etc. 1995
300 ## - PHYSICAL DESCRIPTION
Extent 346p.
440 ## - SERIES STATEMENT/ADDED ENTRY--TITLE
Title Studies in the modern Japanese economy
650 ## - SUBJECT ADDED ENTRY--TOPICAL TERM
Topical term or geographic name entry element Research, Industrial - Japan - History
650 ## - SUBJECT ADDED ENTRY--TOPICAL TERM
Topical term or geographic name entry element Technological innovations - Economic aspects - Japan - History
700 ## - ADDED ENTRY--PERSONAL NAME
Personal name Minami, Ryoshin ed.
Holdings
Withdrawn status Lost status Damaged status Not for loan Permanent Location Current Location Date acquired Full call number Barcode Date last seen Price effective from Koha item type
        Indian Institute of Public Administration Indian Institute of Public Administration 1995-10-17 YA6x52 M661 69243 2018-07-21 2018-07-21 Book

Powered by Koha